000 01000pam a2200301 a 4500
001 1525629
003 PILC
005 20160317100506.0
008 900111s1990 nyua j 000 1 eng
010 _a 90030624
020 _a9780531058930
040 _aDLC
_cDLC
_dDLC
042 _alcac
050 0 0 _aPZ 7
_b.Av957Tr 1990
082 0 0 _aFIC
_bT76 1990
100 0 _aAvi,
_d1937-
_918044
245 1 4 _aThe true confessions of charlotte doyle
_cAvi ; decorations by Ruth E. Murray
260 _aNew York :
_bOrchard Books,
_cc1990.
300 _a215 p. :
_bill. ;
_c24 cm.
650 1 _aFiction.
_9746
650 1 _aSea stories -- Juvenile fiction.
650 1 _aMutiny -- Juvenile fiction.
650 1 _aSex role -- Juvenile fiction.
906 _a7
_bcbc
_corignew
_d1
_eocip
_f19
_gy-gencatlg
942 _2lcc
_cBK
999 _c10882
_d10882